• 首页
  • 本馆介绍
  • 公告通知
  • 最新文献
  • 馆藏检索
  • 电子资源
  • 读者荐购
  • 参考咨询
  • CALIS
  • 我的图书馆
  • 登录
  • 详细信息显示
  • 放入我的书架
  • 预约/预借图书
  • 作者相关作品
  • 分类相关作品
  • 丛书相关作品
  • 出版社相关作品

书目信息

  • 表格格式
  • 工作单格式
  • 卡片格式
题名:
聪明说话 圆滑做事
    
 
作者: 木鱼 编著
分册:  
出版信息: 北京   中国长安出版社  2004.09
页数: 267页
开本: 21cm
丛书名:
单 册:
中图分类: C912.1
科图分类:
主题词: 人间交往--通俗读物
电子资源:
ISBN: 978-7-80175-178-2
 
 
 
 
 
000 00808nam0 2200229 450
001 0157137859
005 20110615101039.25
010    @a978-7-80175-178-2@dCNY38.00
100    @a20100515d2004 km y0chiy0120 ea
101 0  @achi
102    @aCN@b110000
105    @aa z 000yy
200 1  @a聪明说话 圆滑做事@Acong ming shuo hua yuan hua zuo shi@e"老实人"说话做事的分寸@f木鱼编著@Fmu yu bian zhu
210    @a北京@c中国长安出版社@d2004.09
215    @a267页@c图@d21cm
330    @a本书是一本关于人际交往的通俗读物,主要介绍了如何掌握说话、做事的分寸,并介绍了说话、做事的方法和技巧。
517 1  @a"老实人"说话做事的分寸@A"lao shi ren"shuo hua zuo shi de fen cun
606 0  @a人间交往@j通俗读物
690    @aC912.1@v4
701  0 @a木鱼@Amu yu@4编著
801  0 @aCN@c20110615
905    @dC912.1@eM951@f5
    
    聪明说话 圆滑做事:"老实人"说话做事的分寸/木鱼编著.-北京:中国长安出版社,2004.09
    267页:图;21cm
    
    
    ISBN 978-7-80175-178-2:CNY38.00
    本书是一本关于人际交往的通俗读物,主要介绍了如何掌握说话、做事的分寸,并介绍了说话、做事的方法和技巧。
●
相关链接 在E读中查询图书 在当当中查询图书 在豆瓣中查询图书


正题名:聪明说话 圆滑做事     索取号:C912.1/M951         预约/预借

序号 登录号 条形码 馆藏地/架位号 状态 备注
1 999734   209997342   社科库509/422社科库 50排5列1层/ [索取号:C912.1/M951] 在馆    
2 999735   209997351   社科库509/509社科库 57排3列3层/ [索取号:C912.1/M951] 在馆    
3 999736   209997360   社科库509/509社科库 57排3列3层/ [索取号:C912.1/M951] 在馆    
4 999737   209997379   社科库509/509社科库 57排3列3层/ [索取号:C912.1/M951] 在馆    
5 999738   209997388   社科库509/422社科库 50排5列1层/ [索取号:C912.1/M951] 在馆    
河南城建学院图书馆 欢迎您!
大连网信软件有限公司© 版权所有